000 00253nam a2200109Ia 4500
008 170627s9999 xx 000 0 und d
100 _aVOHRA- N.D.
245 0 _aQUANTITATIVE TECHNIQUES IN MANAGEMENT
260 _bTMH
260 _c2005
546 _aENGLISH
690 _aMANAGEMENT
999 _c35331
_d35331